000 00541nam a2200193Ia 4500
005 20250326145201.0
008 250326s9999 xx 000 0 und d
037 _aTextbook
040 _aFMSL
_beng
_cFMSL
041 _aeng
_2eng
084 _aX:51 Q2
_qFMSL
100 _aDonovan R
_9750798
245 0 _aPrinciples and practice of social marketing
_cDonovan R; Henley N
260 _aNew Delhi
_bNew Delhi, Cambridge
_c2010
365 _b495
650 _aManagement
942 _cTB
_hX:51 Q2
999 _c1306670
_d1306670